000
00332nam a22001457a 4500
003
SGT
082
_a
610.7368
_b
G16S
100
_a
SREEVANI, R.
245
_a
A GUIDE TO MENTAL HEALTH & PSYCHIATRIC NURSING
250
_a
4TH
260
_a
INDIA
_b
JAYPEE
_c
2016
300
_a
491
650
_a
PSYCHIATRIC
942
_2
ddc
_c
BK
_0
291
999
_c
10962
_d
10962